|
|
|
|
| LEADER |
00000cam a2200000M 4500 |
| 001 |
JSTOR_on1202297842 |
| 003 |
OCoLC |
| 005 |
20231005004200.0 |
| 006 |
m d |
| 007 |
cr ||||||||||| |
| 008 |
201030s2020 xx o ||| 0 spa d |
| 040 |
|
|
|a YDX
|b eng
|c YDX
|d JSTOR
|d OCLCF
|d OCLCO
|d EBLCP
|d OCLCQ
|
| 020 |
|
|
|a 9566048386
|q (electronic bk.)
|
| 020 |
|
|
|a 9789566048381
|q (electronic bk.)
|
| 035 |
|
|
|a (OCoLC)1202297842
|
| 037 |
|
|
|a 22573/ctv18c6h03
|b JSTOR
|
| 050 |
|
4 |
|a F3060
|
| 082 |
0 |
4 |
|a 983
|2 23
|
| 049 |
|
|
|a UAMI
|
| 245 |
0 |
4 |
|a Una falla en la logica del universo
|h [electronic resource].
|
| 250 |
|
|
|a 1ST ED.
|
| 260 |
|
|
|a [S.l.] :
|b METALES PESADOS,
|c 2020.
|
| 300 |
|
|
|a 1 online resource
|
| 590 |
|
|
|a JSTOR
|b Books at JSTOR All Purchased
|
| 590 |
|
|
|a JSTOR
|b Books at JSTOR Demand Driven Acquisitions (DDA)
|
| 600 |
1 |
0 |
|a Messina, Aïcha Liviana
|v Correspondence.
|
| 600 |
1 |
0 |
|a Michelson, Constanza
|v Correspondence.
|
| 600 |
1 |
7 |
|a Messina, Aïcha Liviana.
|2 fast
|0 (OCoLC)fst01619789
|
| 651 |
|
0 |
|a Chile
|x Social life and customs.
|
| 650 |
|
7 |
|a Manners and customs.
|2 fast
|0 (OCoLC)fst01007815
|
| 651 |
|
7 |
|a Chile.
|2 fast
|0 (OCoLC)fst01205362
|
| 655 |
|
7 |
|a Personal correspondence.
|2 fast
|0 (OCoLC)fst01919948
|
| 856 |
4 |
0 |
|u https://jstor.uam.elogim.com/stable/10.2307/j.ctv18dvtts
|z Texto completo
|
| 938 |
|
|
|a ProQuest Ebook Central
|b EBLB
|n EBL6919049
|
| 938 |
|
|
|a YBP Library Services
|b YANK
|n 301694504
|
| 994 |
|
|
|a 92
|b IZTAP
|